000 00905cab a2200325 4500
001 ABS51921
008 090401t1994 xxu||||| |||| 00| 0 eng d
035 _a(Sirsi) u50876
041 _aeng
245 _aCentrefolio: London Boroughs south
260 _c1994
350 _a0
490 _aProperty Week
_v49(9) 1 December 1994, 29-47(9)
650 _aBEXLEY
650 _aBROMLEY
650 _aCROYDON
650 _aCRYSTAL PALACE
650 _aINDUSTRIAL MARKET
650 _aKINGSTON
650 _aLONDON BOROUGHS
650 _aMERTON
650 _aPROPERTY-COMMERCIAL PROPERTY-OFFICE PROPERTY-OFFICE PROPERTY MARKET
650 _aPROPERTY-COMMERCIAL PROPERTY-RETAIL PROPERTY-RETAIL PROPERTY MARKET
650 _aRICHMOND
650 _aSIDCUP
650 _aSUTTON
690 _aPROPERTY-COMMERCIAL PROPERTY-COMMERCIAL PROPERTY MARKET
942 _n0
948 _c04/03/1997
999 _c31756
_d31756